00661nam a22001937a 450000500170000002000180001710000250003524500300006026000360009030000110012649000340013750000400017165000200021165000290023165000290026094200120028999900190030195201470032020250826113752.0 a9781071646304 aRobert, Alain M9958 aCourse in p-adic analysis aNew YorkbSpringer-Verlagc2025 axv+437 aGraduate texts in mathematics aGraduate texts in mathematics - 198 aDerivative9959 aContinuous function9960 aTopological algebra9961 2ddccBK c751129d751129 00102ddc40708GIFaMATbMATcGENd2025-03-18e032/NBHM 0038 (Gift from NBHM)l0o512.74 ROB-CpMATG184r2025-08-26 11:41:33w2025-08-26yBK